Amateur radio mobile handbook (Record no. 12313)

000 -LEADER
fixed length control field 00430nam a22001577a 4500
008 - FIXED-LENGTH DATA ELEMENTS--GENERAL INFORMATION
fixed length control field 210128b ||||| |||| 00| 0 eng d
082 00 - DEWEY DECIMAL CLASSIFICATION NUMBER
Classification number 621.38413
Item number C2777
100 ## - MAIN ENTRY--PERSONAL NAME
9 (RLIN) 4487
Personal name Caringella, Charles
245 10 - TITLE STATEMENT
Title Amateur radio mobile handbook
250 ## - EDITION STATEMENT
Edition statement 1st ed.
260 ## - PUBLICATION, DISTRIBUTION, ETC. (IMPRINT)
Place of publication, distribution, etc Slough
Name of publisher, distributor, etc W. Foulsham & Co.
Date of publication, distribution, etc 1967
300 ## - PHYSICAL DESCRIPTION
Extent 136 p.
365 ## - TRADE PRICE
Unit of pricing 18.00
650 #0 - SUBJECT ADDED ENTRY--TOPICAL TERM
Topical term or geographic name as entry element Mobile Radio Station
942 ## - ADDED ENTRY ELEMENTS (KOHA)
Item type Books
Holdings
Withdrawn status Lost status Source of classification or shelving scheme Damaged status Not for loan Permanent location Current location Date acquired Source of acquisition Full call number Barcode Date last seen Koha item type
          IMU Kolkata IMU Kolkata 1971-03-04 Sankar’s Book Agency 621.38413 C2777 03613 2021-01-28 Books
Designed and Maintained by IMU-KC Library, Kolkata Campus © Copyright All Rights Reserved

webs counters

Powered by Koha